000 00488nam a2200169Ia 4500
003 LDD
008 190117s9999 xx 000 0 und d
020 _c₹60
040 _cLDD
041 _ahi
082 _a8H4.7 अ8206शा
100 _aअज्ञेय
245 0 _aशाश्वती
_b अन्य प्रति क्रिया 1975-79
_cअज्ञेय
260 _aदिल्ली
_bराजपाल
_c1979
300 _a119प्र.
942 _2ddc
_cH
999 _c154260
_d154260